00502nam a22001697a 450000500170000001000130001702000110003003500130004103700250005408200110007910000190009024500680010926000380017727000840021530000200029949000130031920190104131704.0 aB-694170 c500.00 aB-694170 bM.B. Books Pvt. Ltd. a480.00 aSingh, Ajay K. aS.S.C. English:b(Previous Papers) 2013-2016 /cSingh, Ajay K. aPatnabM.B. Books Pvt. Ltd.c2017 a3rd Floor, Ramdiri House, Dadiji Lanme, Boring Road, Pana-800001bPatnae800001 a528p.c28cm(pb) a113 SETS